Modelovanie účinkov vetra v prostredí ANSYS

Uložené v:
Podrobná bibliografia
Hlavný autor: Šaušová, Svetlana (Autor)
Ďalší autori: Macák, Marek (Vedúci práce)
Médium: Rukopis Kniha
Jazyk:Slovak
Vydavateľské údaje: 2016
Predmet:
On-line prístup:http://is.stuba.sk/zp/portal_zp.pl?podrobnosti=131509
https://opac.crzp.sk/?fn=detailBiblioForm&sid=CAF43C23BCEFEBA4B8CD1BBCB6F5
Tagy: Pridať tag
Žiadne tagy, Buďte prvý, kto otaguje tento záznam!

MARC

LEADER 00000ntm a22000003a 4500
001 stuzp56693
003 SK-STU
005 20230927101228.4
007 ta
008 150427s2015----xo-----f-mn---000-0-slo-d
040 |a STU  |b slo 
041 0 |a slo 
100 1 |a Šaušová, Svetlana  |u 010220  |4 aut  |U SvF Stavebná fakulta  |T SvF Katedra matematiky a deskriptívnej geometrie  |X 55411  |U V220  |Y 23  |7 55411 
242 0 1 |a Modeling of Wind Effect in ANSYS Softwear  |y eng 
245 1 0 |a Modelovanie účinkov vetra v prostredí ANSYS 
260 |c 2016 
650 4 |a veterný tunel  |2 slo 
650 4 |a turbulencia  |2 slo 
650 4 |a medzná vrstva  |2 slo 
650 4 |a Navier- Stokesove rovnice  |2 slo 
650 4 |a Fluent  |2 slo 
650 4 |a k-epsilon 􀀀 model  |2 slo 
650 4 |a turbulence  |2 eng 
650 4 |a wind tunel  |2 eng 
650 4 |a boundary layer  |2 eng 
650 4 |a Navier-Stokes equations  |2 eng 
650 4 |a Fluent  |2 eng 
650 4 |a k-epsilon model  |2 eng 
700 1 |a Macák, Marek  |u 010220  |k Z1  |4 ths  |U SvF Stavebná fakulta  |T SvF Katedra matematiky a deskriptívnej geometrie  |X 28298  |U V220  |Y 23  |7 A000028298 
856 4 |u http://is.stuba.sk/zp/portal_zp.pl?podrobnosti=131509 
856 4 |u https://opac.crzp.sk/?fn=detailBiblioForm&sid=CAF43C23BCEFEBA4B8CD1BBCB6F5 
SQL |a stuzp56693  |b DBP  |c SLO  |d Modelovanie účinkov vetra v prostredí ANSYS  |e 55411  |f Šaušová, Svetlana  |g 010220  |h 28298  |i Macák, Marek  |j 20160623  |k 1269  |l 01  |m http://is.stuba.sk/zp/portal_zp.pl?podrobnosti=131509  |n B-MAPM  |o 9.1.9. aplikovaná matematika